书目信息 |
| 题名: |
电气设备修试质量控制与传动验收
|
|
| 作者: | 付迎拴 , 曹建忠 主编 ;郑州供电公司 编 | |
| 分册: | ||
| 出版信息: | 北京 中国电力出版社 2009.02 |
|
| 页数: | 193页 | |
| 开本: | 26cm | |
| 丛书名: | ||
| 单 册: | ||
| 中图分类: | TM07 | |
| 科图分类: | ||
| 主题词: | 电气设备--dian qi she bei--检修--质量控制 | |
| 电子资源: | ||
| ISBN: | 978-7-5083-7967-8 | |
| 000 | 01004nam0 2200265 450 | |
| 001 | 012009227218 | |
| 005 | 20090918093114.84 | |
| 010 | @a978-7-5083-7967-8@dCNY28.00 | |
| 100 | @a20090918d2009 em y0chiy0120 ea | |
| 101 | 0 | @achi |
| 102 | @aCN@b110000 | |
| 105 | @ak z 000yy | |
| 106 | @ar | |
| 200 | 1 | @a电气设备修试质量控制与传动验收@Adian qi she bei xiu shi zhi liang kong zhi yu chuan dong yan shou@f郑州供电公司编@Fzheng zhou gong dian gong si bian |
| 210 | @a北京@c中国电力出版社@d2009.02 | |
| 215 | @a193页@d26cm | |
| 314 | @a主编取自书中 | |
| 330 | @a本书内容包括:电气设备小修质量控制卡、电气设备小修质量验收卡、电气设备大修质量控制卡、电气设备大修质量验收卡、电气设备安装质量控制卡等。 | |
| 606 | 0 | @a电气设备@Adian qi she bei@x检修@x质量控制 |
| 690 | @aTM07@v4 | |
| 701 | 0 | @a付迎拴@Afu ying shuan@4主编 |
| 701 | 0 | @a曹建忠@Acao jian zhong@4主编 |
| 712 | 02 | @a郑州供电公司@Azheng zhou gong dian gong si@4编 |
| 801 | 0 | @aCN@bQSSK@c20090918 |
| 905 | @b754453-55@dTM07@eF831@f3 | |
| 电气设备修试质量控制与传动验收/郑州供电公司编.-北京:中国电力出版社,2009.02 |
| 193页;26cm |
| ISBN 978-7-5083-7967-8:CNY28.00 |
| 本书内容包括:电气设备小修质量控制卡、电气设备小修质量验收卡、电气设备大修质量控制卡、电气设备大修质量验收卡、电气设备安装质量控制卡等。 |
| ● |
| 相关链接 |
|
|
|
正题名:电气设备修试质量控制与传动验收
索取号:TM07/F831
 
预约/预借
| 序号 | 登录号 | 条形码 | 馆藏地/架位号 | 状态 | 备注 |
| 1 | 754453 | 207544530 | 自科库301/301自科库 5排3列3层/ [索取号:TM07/F831] | 在馆 | |
| 2 | 754454 | 207544549 | 自科库301/301自科库 5排3列3层/ [索取号:TM07/F831] | 在馆 | |
| 3 | 754455 | 207544558 | 期刊室512/301自科库 3排4列1层/ [索取号:TM07/F831] | 在馆 |